| 000 | 00532nam a22001817a 4500 | ||
|---|---|---|---|
| 005 | 20250821114952.0 | ||
| 010 | _aENG-146459 | ||
| 020 |
_a9789390132379 _c250.00 |
||
| 035 | _aEN-129991 | ||
| 037 | _bDBAD | ||
| 082 | _a305.5 | ||
| 100 |
_aTejparkhi,Sirshree _984157 |
||
| 245 |
_aThe Magic of Writing: _bWrite to Heal, Transform, & Transcend/ _cSirshree Tejparkhi |
||
| 260 |
_aPune _bWOW Publishings Pvt. Ltd. _c2024 |
||
| 270 |
_aPune _bPune |
||
| 300 |
_a174p. _c22cm(pbk) |
||
| 942 |
_2ddc _cEN _h305.5 _mTEJ |
||
| 999 |
_c213018 _d213018 |
||